Iminium salts in organic chemistry. Pt 2 (Record no. 31262)

MARC details
000 -LEADER
fixed length control field 00307nam a2200121Ia 4500
082 ## - DEWEY DECIMAL CLASSIFICATION NUMBER
Classification number 54-38
Item number BOH
245 #0 - TITLE STATEMENT
Title Iminium salts in organic chemistry. Pt 2
260 ## - PUBLICATION, DISTRIBUTION, ETC. (IMPRINT)
Place of publication New York
Name of publisher John Wiley
Year of publication 1979
700 ## - ADDED ENTRY--PERSONAL NAME
Personal name Bohme, H
700 ## - ADDED ENTRY--PERSONAL NAME
Personal name Viehe, H G
942 ## - ADDED ENTRY ELEMENTS (KOHA)
Koha item type Books
Holdings
Withdrawn status Lost status Damaged status Not for loan Home library Current library Date acquired Cost, normal purchase price Full call number Accession Number Koha item type
        RRII Library RRII Library 16/12/2021 68.50 54-38 BOH 11811 Books